000 00686nam a22002417a 4500
003 UA-OsUOA
001 30142
007 ta
008 20041105b un ||||| |||| 00| 0 ukr d
100 _aЧелеби Эвлия
090 _a910(4)
_bЧ-38
942 _cBK
040 _aUA-OsUOA
_brus
_cUA-OsUOA
_dUA-OsUOA
245 _aКнига путешествия. (Извлечения из сочинения путешественника ХVII века)
_bПеревод и комментарии
955 _a0
041 _arus
080 _a910(4)
260 _aМосква
_bНаука
_c1979
246 3 1 _aВып.2
_n
044 _aRU
650 7 _2UDC
999 _c316549
_d316549